000 02255cam a22005054i 4500
003 PE-LiUPU
005 20250731173147.0
008 150623s r 000 0 d
020 _a0830833013
035 _a(Sirsi) i9780830833016
040 _aPE-LiUPU
_bspa
_cPE-LiUPU
_erda
049 _aPRUA
082 0 4 _a266.001
_bE79
_221
100 1 _aEscobar, Samuel,
_eautor.
245 1 4 _aThe new global mission :
_bthe gospel from everywhere to everyone /
_cSamuel Escobar.
264 1 _aDowners Gove, Illinois :
_bInterVarsity Press,
_c2003.
300 _a190 páginas ;
_c21 centímetros
336 _atext
_2rdacontent
337 _aunmediated
_2rdamedia
338 _avolume
_2rdacarrier
490 0 _aChristian Doctrine in Global Perspective
504 _aIncluye bibliografía.
505 0 _aChristian mission in a new century. Mud and glory. A brave new world order. Post-Christian and postmodern. We believe in a missionary God. Christ: God's best missionary. The Holy Spirit and Christian mission. Text and context: the word through new eyes. Mission as transforming service. A new way of looking at the world.
526 _aSEG42
526 _aSEG41
526 _aSEG40
526 _aSEG39
526 _aP94
526 _aP87
526 _aP86
526 _aP85
526 _aP77
526 _aP76
526 _aP35
650 0 4 _aMisiones
_xTeoría.
942 _2ddc
_cBOOK
949 _a266.001 E79
_wDEWEY
_c1
_i57488
_lCCODEBUL1
_mBUL
_p16.00
_r0
_sY
_tBOOK
_u2015-6-24
_xTEOLOGIA
_PP35
_0COMPRA
_o.STAFF. Colección General
949 _a266.001 E79
_wDEWEY
_c2
_i53312
_lCCODEBUL1
_mBUL
_p13.00
_r0
_sY
_tBOOK
_u2015-6-24
_xTEOLOGIA
_PP35
_0COMPRA
_o.STAFF. Colección General
994 _aC0
_bPEPRU
596 _a1
999 _a266.001 E79
_wDEWEY
_c35274
_i57488
_f2021-11-10
_g5
_lCCODEBUL1
_mBUL
_p16.00
_q1
_r0
_sY
_tBOOK
_u2015-6-24
_xTEOLOGIA
_PP35
_0COMPRA
_o.STAFF. Colección General
_d35274
999 _a266.001 E79
_wDEWEY
_c2
_i53312
_d2018-8-9
_e2018-8-1
_f2021-11-10
_g5
_lCCODEBUL1
_mBUL
_n1
_p13.00
_q1
_r0
_sY
_tBOOK
_u2015-6-24
_xTEOLOGIA
_PP35
_0COMPRA
_o.STAFF. Colección General
980 _81
_gALBERTO SANCHEZ Responsable de Automatización